Theory and Design for Mechanical Measurements (Record no. 3503)
[ view plain ]
| 005 - DATE AND TIME OF LATEST TRANSACTION | |
|---|---|
| control field | 20250623115326.0 |
| 020 ## - INTERNATIONAL STANDARD BOOK NUMBER | |
| International Standard Book Number | 0-471-35083-4 |
| 082 ## - DEWEY DECIMAL CLASSIFICATION NUMBER | |
| Classification number | LM 658.2 FIG |
| 100 ## - MAIN ENTRY--PERSONAL NAME | |
| Author name | FIGLIOLA, R. S. |
| 245 ## - TITLE STATEMENT | |
| Title | Theory and Design for Mechanical Measurements |
| 250 ## - EDITION STATEMENT | |
| Edition statement | 3rd Ed. |
| 260 ## - PUBLICATION, DISTRIBUTION, ETC. | |
| Place of publication, distribution, etc. | new York, |
| Name of publisher, distributor, etc. | John Wiley & Sons, Inc, |
| Date of publication, distribution, etc. | 2000. |
| 300 ## - PHYSICAL DESCRIPTION | |
| Extent | xiv, 536p.: figure, table. |
| Other physical details | Glossary & Index. |
| Dimensions | 26cm. |
| Accompanying material | CD |
| 700 ## - ADDED ENTRY--PERSONAL NAME | |
| Other authors/Editors | BEASLEY, D. E. |
| 856 ## - ELECTRONIC LOCATION AND ACCESS | |
| Link text | Access Online Book |
| Electronic name | Theory and Design for Mechanical Measuremens |
| Path | http://www.wiley.com/college |
| 942 ## - ADDED ENTRY ELEMENTS (KOHA) | |
| Source of classification or shelving scheme | Dewey Decimal Classification |
| Koha item type | Books |
| Date last seen | Total checkouts | Full call number | Barcode | Cost, replacement price | Price effective from | Koha item type | Lost status | Source of classification or shelving scheme | Damaged status | Not for loan | Withdrawn status | Home library | Current library | Shelving location | Date acquired | Cost, normal purchase price |
|---|---|---|---|---|---|---|---|---|---|---|---|---|---|---|---|---|
| 06/09/2025 | LM 658.2 FIG | 00000010830 | 498960.00 | 06/09/2025 | Books | Dewey Decimal Classification | College of Business Education Main Library | College of Business Education Main Library | Special Reserve Collection | 04/22/2005 | 166320.00 | |||||
| 06/09/2025 | LM 658.2 FIG | 00000010831 | 498960.00 | 06/09/2025 | Books | Dewey Decimal Classification | College of Business Education Main Library | College of Business Education Main Library | General Collection | 04/22/2005 | 166320.00 |
